000 00633nam a2200229Ia 4500
003 OSt
005 20230602110044.0
008 210423s2013 xx 000 0 und d
020 _a978-93-81938-26-3
040 _cAL
041 _aeng
082 _a361.3 MANA
100 _aMANDAL (N K)
_9118625
245 _aAdministration and management in social work
260 _aNew Delhi
_bCentrum Press
_c2013
300 _aviii,288
_bHB
365 _b995
_cINR
650 _aSocial Welfare Problems & Services
_9118626
650 _aSocial Work
_9118627
906 _aAdministration ; management ; social ; work
942 _2ddc
_cBK
999 _c176460
_d176460